Les jeunes Français ont-ils raison d'avoir peur ? (notice n° 1568710)
[ vue normale ]
| 000 -LEADER | |
|---|---|
| fixed length control field | 01568cam a2200133 4500500 |
| 005 - DATE AND TIME OF LATEST TRANSACTION | |
| control field | 20251214005215.0 |
| 041 ## - LANGUAGE CODE | |
| Language code of text/sound track or separate title | fre |
| 042 ## - AUTHENTICATION CODE | |
| Authentication code | dc |
| 100 10 - MAIN ENTRY--PERSONAL NAME | |
| Personal name | Galland, Olivier |
| Relator term | author |
| 245 00 - TITLE STATEMENT | |
| Title | Les jeunes Français ont-ils raison d'avoir peur ? |
| 260 ## - PUBLICATION, DISTRIBUTION, ETC. | |
| Name of publisher, distributor, etc. | Armand Colin,<br/> |
| Date of publication, distribution, etc. | 2009.<br/> |
| 520 ## - SUMMARY, ETC. | |
| Summary, etc. | Parmi tous les facteurs de préoccupation qui nous assaillent (crise mondiale, risque environnemental, etc.), il en est un qui ne doit pas passer inaperçu et devrait même retenir prioritairement l’attention: la jeunesse française témoigne d’un pessimisme, d’un manque de confiance en l’avenir et d’une résignation qui tranchent complètement sur ce que l’on constate ailleurs.À qui la faute&#8239;? Comment a-t-on pu en arriver là&#8239;? Dans notre «modèle» français tant vanté, qu’est-ce qui parvient ainsi à casser la jeunesse&#8239;? Comment les choses se combinent-elles, entre crise globale et ratés spécifiques du système éducatif, entre, ici, «jeunisme» démagogique et, là, passéisme profond&#8239;? Pourquoi les jeunes eux-mêmes pensent-ils et agissent-ils, si souvent, au rebours de leurs intérêts réels&#8239;?Olivier Galland nous offre une analyse à la fois équilibrée, nuancée et parfaitement décapante de ce marasme national, et définit des pistes concrètes novatrices pour rouvrir à la jeunesse, et donc au pays lui-même, la voie de l’avenir. |
| 856 41 - ELECTRONIC LOCATION AND ACCESS | |
| Uniform Resource Identifier | <a href="https://shs.cairn.info/les-jeunes-francais-ont-ils-raison-davoir-peur--9782200242664?lang=fr&redirect-ssocas=7080">https://shs.cairn.info/les-jeunes-francais-ont-ils-raison-davoir-peur--9782200242664?lang=fr&redirect-ssocas=7080</a> |
Pas d'exemplaire disponible.




Réseaux sociaux